| 000 | 01519nam a22002777a 4500 | ||
|---|---|---|---|
| 005 | 20220523121505.0 | ||
| 008 | 220507b ||||| |||| 00| 0 eng d | ||
| 020 | _a9789355013842 | ||
| 040 | _cAloy | ||
| 041 | _aeng | ||
| 082 |
_223 _a540 _bMADC |
||
| 100 |
_aR L Madan _938510 |
||
| 245 |
_aChemistry for BSc students: _bInorganic and physical chemistry-1 |
||
| 260 |
_aNew Delhi _bS Chand and Company Limited _c2022 |
||
| 300 |
_a362p. _bPB _c23x16cm. |
||
| 365 |
_2Chemistry _a523 _b200.00 _c₹ _d250.00 _e20% _f06-05-2022 |
||
| 520 | _aThis textbook has been conceptualised for universities of Karnataka as per the recommended National Education Policy (NEP) 2020 to meet the needs of B.Sc. students of Chemistry. Maintaining the traditional approach to the subject, this textbook lucidly explains the basics of Inorganic and Physical Chemistry. Important topics such as atomic structure, periodicity of elements, kinetic theory of gases, liquid state, liquid crystals and types of solids are aptly discussed to give an overview of inorganic and physical chemistry. Laboratory work (33 experiments) has also been included to help students achieve sound conceptual understanding and learn experimental procedures. | ||
| 650 |
_aChemistry _934685 |
||
| 650 |
_aAtomic structure _934686 |
||
| 650 |
_aPeriodicity of Elements _934687 |
||
| 650 |
_aViscosity of Liquids _934688 |
||
| 650 |
_aIodine Titrations _934689 |
||
| 650 |
_aNEP II SEM BSc _938511 |
||
| 700 |
_aMADAN (R L) _934690 |
||
| 942 |
_2ddc _cBK |
||
| 999 |
_c222829 _d222829 |
||